<?xml version="1.0" encoding="UTF-8"?>
<record
    xmlns:xsi="http://www.w3.org/2001/XMLSchema-instance"
    xsi:schemaLocation="http://www.loc.gov/MARC21/slim http://www.loc.gov/standards/marcxml/schema/MARC21slim.xsd"
    xmlns="http://www.loc.gov/MARC21/slim">

  <leader>02212nam a22002057a 4500</leader>
  <controlfield tag="003">OSt</controlfield>
  <controlfield tag="005">20231017145404.0</controlfield>
  <controlfield tag="008">140718b        xxu||||| |||| 00| 0 eng d</controlfield>
  <datafield tag="020" ind1=" " ind2=" ">
    <subfield code="a">0911910360</subfield>
  </datafield>
  <datafield tag="040" ind1=" " ind2=" ">
    <subfield code="a">WIUC - GH</subfield>
    <subfield code="c">WIUC - GH</subfield>
  </datafield>
  <datafield tag="050" ind1=" " ind2=" ">
    <subfield code="a">RA777.5.M47</subfield>
  </datafield>
  <datafield tag="100" ind1=" " ind2=" ">
    <subfield code="a">Beers, Mark H.</subfield>
    <subfield code="9">2577</subfield>
  </datafield>
  <datafield tag="245" ind1=" " ind2=" ">
    <subfield code="a">The merck manual of health and aging. /</subfield>
    <subfield code="c">Mark H. Beers.</subfield>
  </datafield>
  <datafield tag="260" ind1=" " ind2=" ">
    <subfield code="a">New Jersey:</subfield>
    <subfield code="b">Merck Research Laboratory,</subfield>
    <subfield code="c">2004.</subfield>
  </datafield>
  <datafield tag="300" ind1=" " ind2=" ">
    <subfield code="a">xxix,961p.:</subfield>
    <subfield code="b">ill., index;</subfield>
    <subfield code="c">24cm.</subfield>
  </datafield>
  <datafield tag="505" ind1=" " ind2=" ">
    <subfield code="a">Contents: Fundamentals of aging: Age-old questions --- How the body ages -- The aging of America -- Caring for self and others -- Preventive medical care -- Maintaining good nutrition -- Drugs and aging -- Complementary or alternative medicine -- Communicating with health care practitioners -- Continuity of care -- Understanding medical tests -- Hospital care -- Undergoing surgery -- Rehabilitation -- Long-term care -- Caregiving -- Palliative and end-of-life care -- Medical conditions: Nutritional disorders -- Water and electrolyte balance -- Hypothermia and hypothermia -- Dizziness and fainting -- Falls -- Osteoporosis -- Fractures -- Pain -- Confusion -- Delirium -- Dementia -- Stroke -- Nerve disorders -- Movement disorders -- Sleep -- Mental health disorders -- Thyroid disorders -- Diabetes mellitus -- Skin disorders -- Eye disorders -- Hearing and the ear -- Nose and throat disorders -- Mouth and dental disorders -- Foot disorders -- Arthritis -- Temporal arthritis and polymyalgia rhematica -- High blood pressure -- Blood vessel disorders -- Coronary artery disease -- Heart failure -- Abonominal heart rytms -- Heart valve disorders -- Blood disorders -- Finding and living with cancer -- Cancers -- Pheumonia and influenza -- Chronic obstructive pulmonary disease -- Swallowing and reflux disorders -- Bowel movement disorders -- Urinary incontinence -- Female genital and sexual disorders -- Male genital and sexual disorders -- Exercise -- Social, legal and ethical issues: Coping with change -- Driving -- Intimacy -- Mistreatment -- Understanding legal and ethical issues -- Paying for health care</subfield>
  </datafield>
  <datafield tag="700" ind1=" " ind2=" ">
    <subfield code="a">Jones, Thomas V.</subfield>
    <subfield code="9">2578</subfield>
  </datafield>
  <datafield tag="700" ind1=" " ind2=" ">
    <subfield code="a">Berkwits, Michael.</subfield>
    <subfield code="9">2579</subfield>
  </datafield>
  <datafield tag="942" ind1=" " ind2=" ">
    <subfield code="2">lcc</subfield>
    <subfield code="c">BK</subfield>
  </datafield>
  <datafield tag="999" ind1=" " ind2=" ">
    <subfield code="c">10129</subfield>
    <subfield code="d">17629</subfield>
  </datafield>
  <datafield tag="952" ind1=" " ind2=" ">
    <subfield code="0">0</subfield>
    <subfield code="1">0</subfield>
    <subfield code="2">lcc</subfield>
    <subfield code="4">0</subfield>
    <subfield code="7">0</subfield>
    <subfield code="a">WIUC-KL</subfield>
    <subfield code="b">WIUC-KL</subfield>
    <subfield code="c">NURS L.</subfield>
    <subfield code="d">2019-11-26</subfield>
    <subfield code="l">0</subfield>
    <subfield code="o">RA777.5.M47</subfield>
    <subfield code="p">KSN/713/713/19</subfield>
    <subfield code="r">2023-10-17 00:00:00</subfield>
    <subfield code="w">2023-10-17</subfield>
    <subfield code="y">BK</subfield>
  </datafield>
</record>
